[Event "Moscow Open 2016 A"]
[Site "?"]
[Date "2016.02.01"]
[Round "3.1"]
[White "Korobov, Anton"]
[Black "Tran, Tuan Minh"]
[Result "1-0"]
[BlackElo "2447"]
[WhiteElo "2710"]
[LiveChessVersion "1.4.7"]

1. d4 {[%clk 1:30:58]} Nf6 {[%clk 1:30:22]} 2. c4 {[%clk 1:31:19]} e6
{[%clk 1:30:40]} 3. Nc3 {[%clk 1:31:41]} Bb4 {[%clk 1:30:38]} 4. e3
{[%clk 1:32:05]} O-O {[%clk 1:30:54]} 5. Bd3 {[%clk 1:32:28]} d5 {[%clk 1:30:40]}
6. Nf3 {[%clk 1:32:53]} c5 {[%clk 1:31:00]} 7. O-O {[%clk 1:33:15]} Nc6
{[%clk 1:31:15]} 8. a3 {[%clk 1:33:40]} Bxc3 {[%clk 1:31:37]} 9. bxc3
{[%clk 1:34:04]} Qc7 {[%clk 1:31:32]} 10. Bb2 {[%clk 1:33:30]} dxc4
{[%clk 1:31:25]} 11. Bxc4 {[%clk 1:33:46]} b6 {[%clk 1:28:56]} 12. Bd3
{[%clk 1:29:32]} e5 {[%clk 1:14:43]} 13. Qc2 {[%clk 1:28:50]} Bb7
{[%clk 0:47:05]} 14. dxe5 {[%clk 1:21:25]} Nxe5 {[%clk 0:47:28]} 15. Nxe5
{[%clk 1:21:48]} Qxe5 {[%clk 0:47:57]} 16. c4 {[%clk 1:22:10]} Qg5
{[%clk 0:29:21]} 17. f4 {[%clk 1:22:04]} Qh6 {[%clk 0:29:46]} 18. Bxf6
{[%clk 1:07:39]} Qxf6 {[%clk 0:30:09]} 19. Bxh7+ {[%clk 1:06:56]} Kh8
{[%clk 0:30:38]} 20. Bd3 {[%clk 1:02:42]} Rfe8 {[%clk 0:30:17]} 21. Qe2
{[%clk 0:56:10]} Re7 {[%clk 0:22:40]} 22. Qh5+ {[%clk 0:51:35]} Qh6
{[%clk 0:23:00]} 23. Qxh6+ {[%clk 0:51:56]} gxh6 {[%clk 0:23:27]} 24. Kf2
{[%clk 0:52:19]} Rd8 {[%clk 0:17:22]} 25. Rfd1 {[%clk 0:50:12]} Rde8
{[%clk 0:10:22]} 26. Re1 {[%clk 0:48:34]} Rd8 {[%clk 0:10:48]} 27. Rad1
{[%clk 0:44:22]} Red7 {[%clk 0:10:17]} 28. Be2 {[%clk 0:44:04]} Ba6
{[%clk 0:08:38]} 29. Rxd7 {[%clk 0:33:27]} Rxd7 {[%clk 0:09:05]} 30. f5
{[%clk 0:33:10]} Rd2 {[%clk 0:07:40]} 31. Kg3 {[%clk 0:33:07]} Kg7
{[%clk 0:07:57]} 32. Kf4 {[%clk 0:31:30]} Rc2 {[%clk 0:06:44]} 33. Bf3
{[%clk 0:27:35]} Bxc4 {[%clk 0:06:08]} 34. h4 {[%clk 0:26:06]} Bd3
{[%clk 0:03:52]} 35. g4 {[%clk 0:22:01]} b5 {[%clk 0:02:14]} 36. g5
{[%clk 0:21:15]} b4 {[%clk 0:00:49]} 37. Rd1 {[%clk 0:17:57]} Rc3
{[%clk 0:01:01]} 38. f6+ {[%clk 0:15:58]} Kg8 {[%clk 0:01:30]} 39. g6
{[%clk 0:14:42]} fxg6 {[%clk 0:00:47]} 40. Bd5+ {[%clk 0:43:17]} Kf8
{[%clk 0:30:32]} 41. e4 {[%clk 0:32:01]} Bc2 {[%clk 0:12:12]} 42. Rd2
{[%clk 0:30:06]} b3 {[%clk 0:09:37]} 43. e5 {[%clk 0:30:07]} g5+ {[%clk 0:09:36]}
44. hxg5 {[%clk 0:28:03]} hxg5+ {[%clk 0:10:02]} 45. Kxg5 {[%clk 0:26:58]} Re3
{[%clk 0:10:21]} 46. e6 {[%clk 0:26:54]} Re5+ {[%clk 0:06:01]} 47. Kh6
{[%clk 0:26:12]} b2 {[%clk 0:01:30]} 48. Ba2 {[%clk 0:26:29]} 1-0

[Event "Moscow Open 2016 A"]
[Site "?"]
[Date "2016.02.01"]
[Round "3.2"]
[White "Vavulin, Maksim"]
[Black "Inarkiev, Ernesto"]
[Result "1/2-1/2"]
[BlackElo "2676"]
[WhiteElo "2448"]
[LiveChessVersion "1.4.7"]

1. e4 {[%clk 1:30:58]} e5 {[%clk 1:27:36]} 2. Nf3 {[%clk 1:31:20]} Nc6
{[%clk 1:28:03]} 3. Bb5 {[%clk 1:31:39]} a6 {[%clk 1:28:29]} 4. Bxc6
{[%clk 1:31:49]} dxc6 {[%clk 1:28:55]} 5. O-O {[%clk 1:32:14]} Qf6
{[%clk 1:29:05]} 6. d4 {[%clk 1:32:23]} exd4 {[%clk 1:29:31]} 7. Bg5
{[%clk 1:32:47]} Qd6 {[%clk 1:29:58]} 8. Nxd4 {[%clk 1:33:03]} Be7
{[%clk 1:30:19]} 9. Bxe7 {[%clk 1:31:09]} Nxe7 {[%clk 1:30:43]} 10. Nc3
{[%clk 1:31:22]} Bd7 {[%clk 1:29:29]} 11. Nb3 {[%clk 1:29:38]} O-O-O
{[%clk 1:29:14]} 12. Qh5 {[%clk 1:23:33]} Ng6 {[%clk 1:15:38]} 13. Rad1
{[%clk 1:18:07]} Qf4 {[%clk 1:15:55]} 14. Qc5 {[%clk 1:12:11]} Kb8
{[%clk 0:59:36]} 15. Rd4 {[%clk 0:59:37]} b6 {[%clk 0:42:57]} 16. Qc4
{[%clk 0:53:21]} Bh3 {[%clk 0:30:16]} 17. Qd3 {[%clk 0:31:45]} Bxg2
{[%clk 0:27:54]} 18. Rxd8+ {[%clk 0:24:34]} Rxd8 {[%clk 0:26:35]} 19. Qxd8+
{[%clk 0:24:57]} Kb7 {[%clk 0:27:01]} 20. Rd1 {[%clk 0:16:42]} Nh4
{[%clk 0:10:36]} 21. Rd7 {[%clk 0:07:52]} Nf3+ {[%clk 0:10:36]} 22. Kxg2
{[%clk 0:08:21]} Qg4+ {[%clk 0:11:02]} 23. Kf1 {[%clk 0:08:45]} Nxh2+
{[%clk 0:11:23]} 24. Ke1 {[%clk 0:09:11]} Nf3+ {[%clk 0:11:51]} 25. Kf1
{[%clk 0:09:24]} Nh2+ {[%clk 0:12:19]} 26. Ke1 {[%clk 0:09:46]} Nf3+
{[%clk 0:12:48]} 27. Kd1 {[%clk 0:04:38]} Ne5+ {[%clk 0:13:17]} 28. f3
{[%clk 0:04:16]} Qg1+ {[%clk 0:10:30]} 29. Ke2 {[%clk 0:04:04]} Qg2+
{[%clk 0:09:56]} 30. Ke3 {[%clk 0:04:27]} Qg1+ {[%clk 0:10:19]} 31. Kf4
{[%clk 0:04:21]} Qh2+ {[%clk 0:09:54]} 32. Ke3 {[%clk 0:04:45]} Qg1+
{[%clk 0:10:20]} 33. Kf4 {[%clk 0:04:59]} Qh2+ {[%clk 0:10:46]} 34. Ke3
{[%clk 0:05:24]} Qg1+ {[%clk 0:11:12]} 35. Kd4 1/2-1/2

[Event "Moscow Open 2016 A"]
[Site "?"]
[Date "2016.02.01"]
[Round "3.3"]
[White "Artemiev, Vladislav"]
[Black "Sarana, Alexey"]
[Result "1-0"]
[BlackElo "2435"]
[WhiteElo "2673"]
[LiveChessVersion "1.4.7"]

1. c4 {[%clk 1:30:20]} Nf6 {[%clk 1:30:50]} 2. Nf3 {[%clk 1:30:25]} g6
{[%clk 1:30:57]} 3. Nc3 {[%clk 1:30:22]} d5 {[%clk 1:30:52]} 4. cxd5
{[%clk 1:30:32]} Nxd5 {[%clk 1:31:15]} 5. Qb3 {[%clk 1:28:54]} Nb6
{[%clk 1:31:36]} 6. d4 {[%clk 1:24:32]} Bg7 {[%clk 1:31:19]} 7. Bf4
{[%clk 1:24:47]} Be6 {[%clk 1:31:15]} 8. Qa3 {[%clk 1:24:38]} O-O
{[%clk 1:31:18]} 9. e3 {[%clk 1:23:49]} N8d7 {[%clk 1:31:28]} 10. Rd1
{[%clk 1:22:50]} c6 {[%clk 1:31:37]} 11. Ng5 {[%clk 1:15:31]} Bd5
{[%clk 1:30:50]} 12. e4 {[%clk 1:13:36]} Bc4 {[%clk 1:31:13]} 13. Bxc4
{[%clk 0:58:00]} Nxc4 {[%clk 1:31:10]} 14. Qb3 {[%clk 0:58:03]} e5
{[%clk 1:30:52]} 15. Qxc4 {[%clk 0:57:25]} exf4 {[%clk 1:31:20]} 16. Nf3
{[%clk 0:57:42]} c5 {[%clk 1:27:10]} 17. dxc5 {[%clk 0:55:11]} Qe7
{[%clk 1:22:45]} 18. O-O {[%clk 0:47:22]} Qxc5 {[%clk 1:15:43]} 19. Qb3
{[%clk 0:43:19]} Nb6 {[%clk 1:11:02]} 20. Nb5 {[%clk 0:33:00]} Rfc8
{[%clk 1:05:02]} 21. Nd6 {[%clk 0:26:59]} Rc7 {[%clk 1:05:26]} 22. Rfe1
{[%clk 0:21:58]} Be5 {[%clk 0:56:26]} 23. Nb5 {[%clk 0:20:59]} Rc6
{[%clk 0:55:45]} 24. h4 {[%clk 0:19:19]} a6 {[%clk 0:44:42]} 25. Nxe5
{[%clk 0:18:55]} Qxe5 {[%clk 0:44:24]} 26. Nd4 {[%clk 0:19:12]} Rf6
{[%clk 0:43:32]} 27. Nf3 {[%clk 0:19:14]} Qb5 {[%clk 0:43:51]} 28. e5
{[%clk 0:15:07]} Rc6 {[%clk 0:42:34]} 29. Qa3 {[%clk 0:10:09]} Rc7
{[%clk 0:27:29]} 30. e6 {[%clk 0:08:55]} Nc4 {[%clk 0:25:50]} 31. Qc3
{[%clk 0:06:05]} Qxb2 {[%clk 0:24:11]} 32. exf7+ {[%clk 0:05:10]} Kxf7
{[%clk 0:24:39]} 33. Qd3 {[%clk 0:03:37]} Qb5 {[%clk 0:22:25]} 34. Rc1
{[%clk 0:01:20]} Rac8 {[%clk 0:21:33]} 35. h5 {[%clk 0:00:38]} Qf5
{[%clk 0:19:40]} 36. Qd4 {[%clk 0:00:36]} b5 {[%clk 0:16:42]} 37. h6
{[%clk 0:00:44]} Kg8 {[%clk 0:16:12]} 38. Rcd1 {[%clk 0:01:13]} Rf8
{[%clk 0:15:01]} 39. Re4 {[%clk 0:00:38]} Rcf7 {[%clk 0:14:14]} 40. Rde1
{[%clk 0:30:47]} Rd7 {[%clk 0:40:10]} 41. Qc3 {[%clk 0:28:49]} Qf6
{[%clk 0:34:50]} 42. Qxf6 {[%clk 0:17:06]} Rxf6 {[%clk 0:35:12]} 43. Ng5
{[%clk 0:17:26]} Nd6 {[%clk 0:29:01]} 44. Rd4 {[%clk 0:16:59]} Kf8
{[%clk 0:24:09]} 45. Red1 {[%clk 0:15:30]} Ke7 {[%clk 0:24:27]} 46. Ne4
{[%clk 0:15:29]} Re6 {[%clk 0:24:53]} 47. Nc5 {[%clk 0:15:49]} Rf6
{[%clk 0:25:19]} 48. Re4+ {[%clk 0:12:02]} Kd8 {[%clk 0:24:45]} 49. Nxd7
{[%clk 0:12:23]} Kxd7 {[%clk 0:25:13]} 50. Rdd4 {[%clk 0:11:09]} g5
{[%clk 0:22:54]} 51. Re5 {[%clk 0:11:05]} Rg6 {[%clk 0:23:17]} 52. Rdd5
{[%clk 0:11:21]} Kc6 {[%clk 0:23:28]} 53. Rxg5 {[%clk 0:11:11]} Rxh6
{[%clk 0:23:57]} 54. Rd4 {[%clk 0:09:45]} f3 {[%clk 0:23:22]} 55. gxf3
{[%clk 0:09:47]} a5 {[%clk 0:23:15]} 56. a4 {[%clk 0:07:25]} Re6 {[%clk 0:23:36]}
57. Kf1 {[%clk 0:05:39]} Rh6 58. Kg1 Rg6 1-0

[Event "Moscow Open 2016 A"]
[Site "?"]
[Date "2016.02.01"]
[Round "3.4"]
[White "Grachev, Boris"]
[Black "Shtembuliak, Evgeny"]
[Result "1/2-1/2"]
[BlackElo "2420"]
[WhiteElo "2652"]
[LiveChessVersion "1.4.7"]

1. d4 {[%clk 1:27:17]} g6 {[%clk 1:30:37]} 2. Nf3 {[%clk 1:26:29]} Bg7
{[%clk 1:30:51]} 3. e4 {[%clk 1:25:44]} d6 {[%clk 1:31:01]} 4. Bd3
{[%clk 1:25:45]} Nf6 {[%clk 1:31:04]} 5. O-O {[%clk 1:25:49]} O-O
{[%clk 1:31:26]} 6. c3 {[%clk 1:25:30]} Nbd7 {[%clk 1:23:37]} 7. Nbd2
{[%clk 1:23:31]} e6 {[%clk 1:16:55]} 8. a4 {[%clk 1:20:48]} a5 {[%clk 1:15:27]}
9. Re1 {[%clk 1:18:38]} b6 {[%clk 1:15:04]} 10. b3 {[%clk 1:09:53]} Bb7
{[%clk 1:14:14]} 11. h3 {[%clk 1:06:42]} Re8 {[%clk 1:12:35]} 12. Ba3
{[%clk 1:05:28]} e5 {[%clk 0:54:01]} 13. d5 {[%clk 1:04:19]} Nh5 {[%clk 0:51:25]}
14. Bb5 {[%clk 0:59:28]} f5 {[%clk 0:40:05]} 15. exf5 {[%clk 0:53:10]} gxf5
{[%clk 0:38:08]} 16. Nxe5 {[%clk 0:31:34]} Rxe5 {[%clk 0:35:45]} 17. Qxh5
{[%clk 0:29:41]} Nf6 {[%clk 0:33:29]} 18. Qf3 {[%clk 0:28:40]} Bxd5
{[%clk 0:29:28]} 19. Bc4 {[%clk 0:28:24]} Qe8 {[%clk 0:27:12]} 20. Red1
{[%clk 0:23:52]} Qe6 {[%clk 0:14:08]} 21. Bxd5 {[%clk 0:23:37]} Qxd5
{[%clk 0:14:37]} 22. c4 {[%clk 0:22:57]} Qxf3 {[%clk 0:15:03]} 23. Nxf3
{[%clk 0:23:24]} Re4 {[%clk 0:15:23]} 24. Bb2 {[%clk 0:21:32]} Rae8
{[%clk 0:10:06]} 25. Rab1 {[%clk 0:18:40]} Nh5 {[%clk 0:04:57]} 26. Rd5
{[%clk 0:14:03]} Bxb2 {[%clk 0:04:36]} 27. Rxb2 {[%clk 0:14:26]} Ng7
{[%clk 0:04:59]} 28. Nd4 {[%clk 0:08:59]} f4 {[%clk 0:04:25]} 29. Rd2
{[%clk 0:06:24]} Ne6 {[%clk 0:03:29]} 30. Nxe6 {[%clk 0:05:22]} R8xe6
{[%clk 0:03:47]} 31. R2d3 {[%clk 0:05:00]} Kg7 {[%clk 0:03:24]} 32. Kh2
{[%clk 0:04:01]} Kg6 {[%clk 0:02:27]} 33. g4 {[%clk 0:03:36]} fxg3+
{[%clk 0:02:48]} 34. Rxg3+ {[%clk 0:02:57]} Kf7 {[%clk 0:02:05]} 35. Rh5
{[%clk 0:03:22]} h6 {[%clk 0:02:26]} 36. Rf3+ {[%clk 0:03:40]} Ke7
{[%clk 0:02:33]} 37. Rhf5 {[%clk 0:03:26]} Kd7 {[%clk 0:02:58]} 38. Rf7+
{[%clk 0:02:33]} Kc6 {[%clk 0:02:30]} 39. Rh7 {[%clk 0:01:52]} Rg6
{[%clk 0:02:53]} 40. Rff7 {[%clk 0:31:01]} Kc5 {[%clk 0:33:13]} 41. Rf5+
{[%clk 0:29:10]} Kc6 {[%clk 0:29:58]} 42. Rff7 {[%clk 0:19:32]} 1/2-1/2

[Event "Moscow Open 2016 A"]
[Site "?"]
[Date "2016.02.01"]
[Round "3.5"]
[White "Khismatullin, Denis"]
[Black "Litvinov, Maxim"]
[Result "1-0"]
[BlackElo "2408"]
[WhiteElo "2626"]
[LiveChessVersion "1.4.7"]

1. Nf3 {[%clk 1:30:57]} d5 {[%clk 1:30:54]} 2. g3 {[%clk 1:31:23]} Nf6
{[%clk 1:31:15]} 3. Bg2 {[%clk 1:31:49]} c6 {[%clk 1:31:25]} 4. c4
{[%clk 1:32:13]} Bg4 {[%clk 1:31:34]} 5. Ne5 {[%clk 1:32:33]} Be6
{[%clk 1:31:51]} 6. cxd5 {[%clk 1:32:57]} Bxd5 {[%clk 1:32:13]} 7. Nf3
{[%clk 1:33:23]} c5 {[%clk 1:32:21]} 8. O-O {[%clk 1:33:47]} Nbd7
{[%clk 1:32:10]} 9. Nc3 {[%clk 1:26:00]} Bc6 {[%clk 1:32:29]} 10. d3
{[%clk 1:20:07]} e5 {[%clk 1:18:46]} 11. Ng5 {[%clk 1:17:02]} Bxg2
{[%clk 1:18:28]} 12. Qb3 {[%clk 1:16:50]} Qe7 {[%clk 1:11:53]} 13. Kxg2
{[%clk 1:17:12]} b6 {[%clk 0:57:04]} 14. Nb5 {[%clk 1:13:10]} Nb8
{[%clk 0:55:56]} 15. f4 {[%clk 1:10:09]} h6 {[%clk 0:49:52]} 16. Nf3
{[%clk 0:50:52]} e4 {[%clk 0:41:11]} 17. dxe4 {[%clk 0:50:55]} Nxe4 18. Qd5
{[%clk 0:45:28]} 1-0

[Event "Moscow Open 2016 A"]
[Site "?"]
[Date "2016.02.01"]
[Round "3.6"]
[White "Moskalenko, Alexander"]
[Black "Kokarev, Dmitry"]
[Result "1/2-1/2"]
[BlackElo "2619"]
[WhiteElo "2442"]
[LiveChessVersion "1.4.7"]

1. e4 {[%clk 1:30:48]} c5 {[%clk 1:30:52]} 2. Ne2 {[%clk 1:31:05]} Nf6
{[%clk 1:31:08]} 3. Nbc3 {[%clk 1:31:20]} d6 {[%clk 1:31:24]} 4. g3
{[%clk 1:31:20]} g6 {[%clk 1:30:57]} 5. Bg2 {[%clk 1:31:45]} Nc6 {[%clk 1:30:54]}
6. d4 {[%clk 1:29:25]} cxd4 {[%clk 1:31:14]} 7. Nxd4 {[%clk 1:29:53]} Nxd4
{[%clk 1:31:23]} 8. Qxd4 {[%clk 1:30:16]} Bg7 {[%clk 1:31:45]} 9. Be3
{[%clk 1:14:47]} O-O {[%clk 1:31:25]} 10. Qd2 {[%clk 1:14:06]} Ng4
{[%clk 1:29:44]} 11. Bd4 {[%clk 1:14:35]} Bh6 {[%clk 1:29:55]} 12. Qd3
{[%clk 1:00:52]} e5 {[%clk 1:29:28]} 13. Be3 {[%clk 1:01:17]} Nxe3
{[%clk 1:17:48]} 14. fxe3 {[%clk 0:59:48]} Be6 {[%clk 1:18:10]} 15. O-O-O
{[%clk 0:57:16]} Qb6 {[%clk 1:15:07]} 16. Nd5 {[%clk 0:55:38]} Bxd5
{[%clk 1:14:59]} 17. Qxd5 {[%clk 0:56:01]} Bxe3+ {[%clk 1:10:30]} 18. Kb1
{[%clk 0:56:16]} Bd4 {[%clk 1:10:34]} 19. Qb3 {[%clk 0:56:29]} Qxb3
{[%clk 1:10:56]} 20. axb3 {[%clk 0:56:51]} a5 {[%clk 1:11:15]} 21. Bf1
{[%clk 0:17:51]} Kg7 {[%clk 0:57:37]} 22. Bd3 {[%clk 0:17:43]} Rad8
{[%clk 0:55:02]} 23. Rhf1 {[%clk 0:15:50]} Bc5 {[%clk 0:50:02]} 24. Bc4
{[%clk 0:15:48]} f5 {[%clk 0:46:50]} 25. Bd5 {[%clk 0:10:43]} f4 {[%clk 0:40:15]}
26. Bxb7 {[%clk 0:10:48]} h5 {[%clk 0:37:47]} 27. gxf4 {[%clk 0:05:18]} exf4
{[%clk 0:38:02]} 28. h4 {[%clk 0:05:35]} f3 {[%clk 0:37:56]} 29. e5
{[%clk 0:05:36]} dxe5 {[%clk 0:37:57]} 30. Rxd8 {[%clk 0:06:02]} Rxd8
{[%clk 0:38:22]} 31. Rxf3 {[%clk 0:06:06]} Rd1+ {[%clk 0:32:20]} 32. Ka2
{[%clk 0:05:54]} Rd4 {[%clk 0:32:42]} 33. Re3 {[%clk 0:04:50]} Kf6
{[%clk 0:26:51]} 34. Be4 {[%clk 0:04:46]} Ra4+ {[%clk 0:24:49]} 35. bxa4
{[%clk 0:05:15]} Bxe3 {[%clk 0:25:13]} 36. Kb3 {[%clk 0:03:56]} Bf2
{[%clk 0:23:07]} 37. c4 {[%clk 0:04:26]} Bxh4 {[%clk 0:15:42]} 38. c5
{[%clk 0:04:42]} g5 {[%clk 0:13:54]} 39. c6 {[%clk 0:01:25]} Ke7 {[%clk 0:14:11]}
40. Bg6 {[%clk 0:30:52]} Kd6 {[%clk 0:44:35]} 41. Kc4 {[%clk 0:29:40]} Kxc6
{[%clk 0:44:22]} 42. Bxh5 {[%clk 0:30:03]} Be1 {[%clk 0:44:43]} 43. Bg4
{[%clk 0:25:01]} Kd6 {[%clk 0:44:08]} 44. Bf3 {[%clk 0:25:25]} Bd2
{[%clk 0:44:25]} 45. b3 {[%clk 0:25:00]} Bb4 {[%clk 0:43:38]} 46. Bg4
{[%clk 0:24:45]} Be1 {[%clk 0:44:00]} 47. Bf3 {[%clk 0:25:11]} Bf2
{[%clk 0:44:25]} 48. b4 {[%clk 0:24:19]} axb4 {[%clk 0:44:37]} 49. Kxb4
{[%clk 0:24:47]} Ke6 {[%clk 0:45:00]} 50. Kc4 {[%clk 0:24:39]} Kf5
{[%clk 0:45:23]} 51. Kd3 {[%clk 0:24:50]} Kf4 {[%clk 0:45:47]} 52. Bc6
{[%clk 0:24:51]} Bb6 {[%clk 0:46:11]} 53. Bb7 {[%clk 0:24:44]} Kg3
{[%clk 0:46:32]} 54. Ke2 {[%clk 0:25:06]} g4 {[%clk 0:46:55]} 55. Bc6
{[%clk 0:25:19]} Kh2 {[%clk 0:47:14]} 56. Kf1 {[%clk 0:25:40]} Kg3
{[%clk 0:47:33]} 57. Ke2 {[%clk 0:26:04]} Bc7 {[%clk 0:47:55]} 58. Bb7
{[%clk 0:26:30]} Kf4 {[%clk 0:48:20]} 59. Kd3 {[%clk 0:26:57]} Ba5
{[%clk 0:48:45]} 1/2-1/2

[Event "Moscow Open 2016 A"]
[Site "?"]
[Date "2016.02.01"]
[Round "3.7"]
[White "Harutjunyan, Gevorg"]
[Black "Goganov, Aleksey"]
[Result "0-1"]
[BlackElo "2591"]
[WhiteElo "2436"]
[LiveChessVersion "1.4.7"]

1. Nf3 {[%clk 1:30:57]} c5 {[%clk 1:30:56]} 2. g3 {[%clk 1:30:46]} Nc6
{[%clk 1:31:16]} 3. c4 {[%clk 1:31:06]} g6 {[%clk 1:31:37]} 4. Nc3
{[%clk 1:31:25]} Bg7 {[%clk 1:32:02]} 5. Bg2 {[%clk 1:31:48]} e6 {[%clk 1:27:46]}
6. d4 {[%clk 1:27:21]} cxd4 {[%clk 1:21:35]} 7. Nb5 {[%clk 1:27:31]} d5
{[%clk 1:21:47]} 8. Nfxd4 {[%clk 1:11:23]} Nge7 {[%clk 1:09:02]} 9. cxd5
{[%clk 1:09:21]} Nxd5 {[%clk 1:06:47]} 10. O-O {[%clk 1:08:44]} O-O
{[%clk 1:05:47]} 11. e4 {[%clk 0:47:15]} Nb6 {[%clk 1:01:10]} 12. Nb3
{[%clk 0:44:40]} Qxd1 {[%clk 0:50:49]} 13. Rxd1 {[%clk 0:44:47]} Na4
{[%clk 0:46:50]} 14. Rb1 {[%clk 0:42:40]} a6 {[%clk 0:39:26]} 15. Nd6
{[%clk 0:36:20]} Rd8 {[%clk 0:32:39]} 16. Bg5 {[%clk 0:27:32]} Rd7
{[%clk 0:27:16]} 17. Ne8 {[%clk 0:23:40]} Rxd1+ {[%clk 0:25:52]} 18. Rxd1
{[%clk 0:24:06]} Nxb2 {[%clk 0:25:48]} 19. Rb1 {[%clk 0:21:01]} Na4
{[%clk 0:24:10]} 20. Nxg7 {[%clk 0:14:47]} Kxg7 {[%clk 0:24:29]} 21. e5
{[%clk 0:12:37]} Nxe5 {[%clk 0:24:39]} 22. Na5 {[%clk 0:12:11]} Nc3
{[%clk 0:19:42]} 23. Re1 {[%clk 0:11:23]} Nd3 {[%clk 0:16:43]} 24. Re3
{[%clk 0:05:41]} Nc1 {[%clk 0:17:08]} 25. Bf3 {[%clk 0:05:40]} N1xa2
{[%clk 0:15:11]} 26. Nc4 {[%clk 0:04:38]} e5 {[%clk 0:05:56]} 27. Rxe5
{[%clk 0:02:31]} Be6 {[%clk 0:06:01]} 28. Nb6 {[%clk 0:01:39]} Re8
{[%clk 0:05:55]} 29. Be3 {[%clk 0:01:41]} f6 {[%clk 0:04:28]} 30. Ra5
{[%clk 0:01:42]} Re7 {[%clk 0:04:06]} 31. Bc5 {[%clk 0:01:07]} Rc7
{[%clk 0:04:16]} 32. Bd6 {[%clk 0:00:45]} Rf7 {[%clk 0:04:42]} 33. h4
{[%clk 0:00:39]} Nb5 {[%clk 0:04:44]} 34. Bf4 {[%clk 0:01:04]} Nac3
{[%clk 0:03:27]} 35. Be3 {[%clk 0:01:08]} h5 {[%clk 0:03:10]} 36. Ra1
{[%clk 0:01:07]} Bg4 {[%clk 0:03:35]} 37. Bd5 {[%clk 0:00:56]} Nxd5
{[%clk 0:03:26]} 38. Nxd5 {[%clk 0:01:24]} Rd7 {[%clk 0:01:43]} 39. Nf4
{[%clk 0:01:47]} Bf3 {[%clk 0:01:20]} 40. Ne6+ {[%clk 0:31:12]} Kf7
{[%clk 0:31:40]} 41. Nc5 {[%clk 0:31:37]} Rd8 {[%clk 0:31:56]} 42. Kh2
{[%clk 0:31:25]} Nc3 {[%clk 0:27:40]} 43. Rc1 {[%clk 0:28:48]} Nd1
{[%clk 0:21:48]} 44. Bf4 {[%clk 0:24:55]} Nxf2 {[%clk 0:19:44]} 45. Nxb7
{[%clk 0:25:15]} Ng4+ {[%clk 0:20:07]} 46. Kg1 {[%clk 0:25:42]} Bxb7
{[%clk 0:19:08]} 47. Rc7+ {[%clk 0:26:08]} Ke6 {[%clk 0:19:33]} 48. Rxb7
{[%clk 0:26:35]} Kf5 {[%clk 0:19:00]} 49. Kf1 {[%clk 0:24:45]} g5
{[%clk 0:18:02]} 50. hxg5 {[%clk 0:24:52]} fxg5 {[%clk 0:18:27]} 51. Bb8
{[%clk 0:25:06]} Rd2 {[%clk 0:17:45]} 52. Rf7+ {[%clk 0:24:19]} Kg6
{[%clk 0:16:44]} 53. Rc7 {[%clk 0:23:41]} Nh2+ {[%clk 0:16:59]} 54. Ke1
{[%clk 0:24:07]} Nf3+ {[%clk 0:17:25]} 55. Kf1 {[%clk 0:24:34]} Ra2
{[%clk 0:15:54]} 56. Rc3 {[%clk 0:22:20]} Nd2+ {[%clk 0:16:05]} 57. Kg1
{[%clk 0:22:23]} a5 {[%clk 0:15:20]} 58. Rc5 {[%clk 0:20:10]} a4 {[%clk 0:15:24]}
59. Ra5 {[%clk 0:18:50]} a3 {[%clk 0:14:02]} 60. Ba7 {[%clk 0:18:36]} Nc4
{[%clk 0:13:19]} 61. Ra6+ {[%clk 0:16:56]} Kf5 {[%clk 0:13:37]} 62. Bc5
{[%clk 0:17:22]} Rc2 {[%clk 0:13:21]} 63. g4+ {[%clk 0:15:45]} hxg4
{[%clk 0:12:44]} 0-1

[Event "Moscow Open 2016 A"]
[Site "?"]
[Date "2016.02.01"]
[Round "3.8"]
[White "Abdusattorov, Nodirbek"]
[Black "Eliseev, Urii"]
[Result "0-1"]
[BlackElo "2582"]
[WhiteElo "2430"]
[LiveChessVersion "1.4.7"]

1. e4 {[%clk 1:30:49]} c5 {[%clk 1:30:52]} 2. Nf3 {[%clk 1:31:04]} Nc6
{[%clk 1:31:02]} 3. d4 {[%clk 1:31:05]} cxd4 {[%clk 1:31:23]} 4. Nxd4
{[%clk 1:31:26]} Nf6 {[%clk 1:31:47]} 5. Nc3 {[%clk 1:31:44]} d6 {[%clk 1:32:10]}
6. Bg5 {[%clk 1:30:15]} e6 {[%clk 1:32:19]} 7. Qd2 {[%clk 1:29:22]} a6
{[%clk 1:32:35]} 8. O-O-O {[%clk 1:28:35]} Bd7 {[%clk 1:32:07]} 9. f3
{[%clk 1:27:43]} h6 {[%clk 1:31:56]} 10. Be3 {[%clk 1:26:08]} b5 {[%clk 1:32:13]}
11. Nxc6 {[%clk 1:21:48]} Bxc6 {[%clk 1:31:39]} 12. Bd3 {[%clk 1:21:06]} Be7
{[%clk 1:28:21]} 13. Qf2 {[%clk 1:18:13]} b4 {[%clk 1:02:56]} 14. Ne2
{[%clk 1:18:05]} e5 {[%clk 1:03:10]} 15. Ng3 {[%clk 1:15:24]} g6 {[%clk 1:03:34]}
16. Qd2 {[%clk 1:14:05]} d5 {[%clk 0:57:16]} 17. exd5 {[%clk 1:11:43]} Bxd5
{[%clk 0:56:22]} 18. Ne4 {[%clk 1:08:04]} Nxe4 {[%clk 0:42:23]} 19. Bxe4
{[%clk 1:07:53]} Bxe4 {[%clk 0:42:45]} 20. fxe4 {[%clk 1:05:57]} Qxd2+
{[%clk 0:34:00]} 21. Rxd2 {[%clk 1:05:42]} Bg5 {[%clk 0:34:23]} 22. Re1
{[%clk 1:01:12]} Ke7 {[%clk 0:31:22]} 23. Rd3 {[%clk 0:53:03]} Rhd8
{[%clk 0:28:31]} 24. Kd2 {[%clk 0:52:08]} Ke6 {[%clk 0:28:22]} 25. Ke2
{[%clk 0:40:31]} f5 {[%clk 0:24:13]} 26. Red1 {[%clk 0:38:30]} Rxd3
{[%clk 0:24:15]} 27. Rxd3 {[%clk 0:35:17]} Rc8 {[%clk 0:24:23]} 28. Bxg5
{[%clk 0:34:22]} hxg5 {[%clk 0:24:47]} 29. Kd2 {[%clk 0:33:07]} Rc4
{[%clk 0:18:46]} 30. exf5+ {[%clk 0:31:35]} gxf5 {[%clk 0:19:06]} 31. h3
{[%clk 0:31:31]} g4 {[%clk 0:13:22]} 32. hxg4 {[%clk 0:30:16]} Rxg4
{[%clk 0:10:59]} 33. g3 {[%clk 0:30:40]} e4 {[%clk 0:09:04]} 34. Rb3
{[%clk 0:30:18]} Ke5 {[%clk 0:05:12]} 35. a3 {[%clk 0:29:30]} f4 {[%clk 0:02:36]}
36. gxf4+ {[%clk 0:29:55]} Kxf4 {[%clk 0:03:02]} 37. Rh3 {[%clk 0:30:16]} Rg2+
{[%clk 0:02:31]} 38. Ke1 {[%clk 0:30:38]} a5 {[%clk 0:01:24]} 39. axb4
{[%clk 0:31:03]} axb4 {[%clk 0:01:51]} 40. Kd1 {[%clk 1:01:27]} e3
{[%clk 0:31:12]} 41. c4 {[%clk 0:48:08]} Ke4 {[%clk 0:30:07]} 42. Rh8
{[%clk 0:47:51]} Kd3 {[%clk 0:30:27]} 43. Rd8+ {[%clk 0:48:11]} Kxc4
{[%clk 0:30:49]} 44. Re8 {[%clk 0:48:36]} Kb3 {[%clk 0:30:28]} 45. Re4
{[%clk 0:48:39]} Rxb2 {[%clk 0:30:34]} 46. Rxe3+ {[%clk 0:49:00]} Ka2
{[%clk 0:30:58]} 47. Re4 {[%clk 0:48:45]} Rb1+ {[%clk 0:31:20]} 0-1